00450nam a2200133Ia 4500008004100000020001800041041000800059082001600067245014600083250000600229260004800235300001200283650002100295210716s2005 xx 000 0 und d a9781591394365 aeng a338.04 ENTR aEntrepreneurs toolkit: tools and techniques to launch and grow your new business.bTools and techniques to launch and grow your new business. a1 aBostonbHarvard Business School Pressc2005 axix,258 aEntrepreneurship